000 02507cam a2200289 4500500
005 20251228060118.0
041 _afre
042 _adc
100 1 0 _aBrun, Danièle
_eauthor
245 0 0 _aL'importance de l'amitié entre enfants
260 _c2006.
500 _a81
520 _aRésumé Dès leur plus jeune âge, à partir du moment où ils ont acquis le langage et l’autonomie motrice, les enfants se font des amis. À partir d’exemples concrets, l’auteur montre que ces liens sont essentiels au développement de l’enfant. Ils sont un gage de stabilité et protègent contre les angoisses de séparation. L’interruption soudaine de ces liens, à la suite d’un divorce ou d’un déménagement, crée chez l’enfant des moments dépressifs qui laissent des traces longtemps après. Les amitiés entre enfants se nouent parfois sur la recherche d’une différence avec le milieu familial ou sur la quête d’un plus-de-savoir, notamment sexuel. Elles ne sont pas toujours payées de retour, ce qui crée de fortes déceptions. Cela étant, même lorsqu’elles se rompent, les amitiés d’enfance sont riches d’expériences pour le futur.
520 _aFrom their youngest age, since they control language and motor function, children start to make friends. From true experiences, the author demonstrates that such relationships are essential for the children development. They represent a token of stability and protect them against anxiety following a separation. Following a divorce or a moving, the sudden breaking off of these bounds generates, for the child, periods of stress which leave marks for a long time. Friendships between children are sometimes based on the quest for a difference from the family environment or the search for an extra knowledge, particularly about sex. As reciprocity is not always the rule, it may generate deep disappointments. This being said, children friendships, even when they break off, are full of experience for their future.
690 _aamitié d'enfance
690 _achagrin d'amitié
690 _achoix d'amis
690 _adestin d'une amitié
690 _atransfert
690 _achildren friendship
690 _achoice of friends
690 _afriendship fate
690 _afriendship sorrow
690 _atransfert
786 0 _nEnfances & Psy | 31 | 2 | 2006-04-20 | p. 36-41 | 1286-5559
856 4 1 _uhttps://shs.cairn.info/revue-enfances-et-psy-2006-2-page-36?lang=fr&redirect-ssocas=7080
999 _c1587011
_d1587011